000 00363nam a2200121Ia 4500
008 231129s9999||||xx |||||||||||||| ||spa||
020 _a978-958-753-245-6
082 _a707.49861 A531s
100 _aSalón Nacional de Artistas (44:2016:Pereira)
245 0 _aAún : Catálogo
264 _a[Pereira]: Mincultura
942 _2ddc
_cBKS
999 _c5882
_d5882